| 000 | 01456nam a2200229 4500 | ||
|---|---|---|---|
| 005 | 20251127100411.0 | ||
| 008 | 251127b |||||||| |||| 00| 0 eng d | ||
| 020 | _a9789370037175 | ||
| 082 |
_a351.954 _bBUD |
||
| 100 | _aBudhiraja, Shashi | ||
| 245 |
_aThe governance gap: _bunlocking India's superpower potential |
||
| 260 |
_aNew Delhi: _bRupa publications India pvt. ltd.; _cc2025. |
||
| 300 | _axi, 283p. | ||
| 500 | _aincludes notes of the book. | ||
| 520 | _aWhat will it take to unlock India’s true growth potential? The answer is robust institutions and good governance. Even though India is the world’s largest democracy, is real power held by its people or by those who govern them? How well are we managing the dreams and aspirations of 1.4 billion Bharatiyas? What does the future hold for India? Has the political class delivered on its promises? Is the bureaucracy capable of quick changes? Will governments ever break free of political compulsions and place citizens’ objectives as their central objective? India is acknowledged globally for its capacity to hold regular, peaceful elections—but are they free of the influence of money and muscle power? Have legislatures forgotten their basic role of monitoring the government? | ||
| 650 | _aPublic administration | ||
| 650 | _aGood governance | ||
| 650 | _aPolicy implementation | ||
| 650 | _aPublic policy | ||
| 700 |
_aBudhiraja, Rajeev _eEditor |
||
| 942 |
_2ddc _n0 _cC |
||
| 999 |
_c30611 _d30611 |
||